Normal view
MARC view
- ROBERTSON, BOB E,HESS, EDWARD M
Entry Personal Name
001 - CONTROL NUMBER
- control field: 78242
003 - CONTROL NUMBER IDENTIFIER
- control field: NUST
005 - DATE AND TIME OF LATEST TRANSACTION
- control field: 20210628210132.0
008 - FIXED-LENGTH DATA ELEMENTS
- fixed length control field: 210628|| aca||aabn | a|a d
040 ## - CATALOGING SOURCE
- Original cataloging agency: NUST
- Transcribing agency: NUST
100 ## - HEADING--PERSONAL NAME
- Personal name: ROBERTSON, BOB E,HESS, EDWARD M
670 ## - SOURCE DATA FOUND
- Source citation: Work cat.: (NUST): ROBERTSON, BOB E,HESS, EDWARD M, ESSENTIAL OF SEMICONDUCTOR CIRCUITS, 1976
